00334 a2200133 450000100060000002000180000604000220002410000230004624000480006924500430011730000080016036200090016865000230017762007 a9788502123823 cAnchieta - Pituba aSanderson, Brandon10aAlcatraz contra os ossos do escrivãolpor10aAlcatraz contra os ossos do escrivão a2880 a2011 4aLiteratura juvenil